| 000 | 00654nam a22002057a 4500 | ||
|---|---|---|---|
| 999 |
_c19982 _d19982 |
||
| 003 | AR-CdUCM | ||
| 008 | 190524b ||||| |||| 00| 0 spa d | ||
| 040 |
_aMUNICIPALIDAD PROVINCIAL DEL CUSCO _cBIBLIOTECA MUNICIPAL DEL CUSCO |
||
| 082 |
_a869.56 / _bT25E _22ed. |
||
| 100 |
_aTauro, Alberto _911692 |
||
| 245 | _aElementos de literatura peruana / | ||
| 260 |
_aLima : _c1969. |
||
| 300 |
_a202 páginas _c26cm. _bIustraciones |
||
| 505 | _aContenido: Época prehispánica -- Época de la conquista -- Época colonial... | ||
| 650 |
_aLiteratura _9416 |
||
| 650 |
_aPeru _9429 |
||
| 650 |
_aHistoria _9136 |
||
| 942 |
_2ddc _cLIBROS |
||
| 945 | _aJavier | ||